| 000 | 00527nam a2200145Ia 4500 | ||
|---|---|---|---|
| 008 | 190813s9999 xx 000 0 und d | ||
| 020 | _a9781416626121 | ||
| 100 | _aHeineke, Amy J. | ||
| 245 |
_cAmy J. Heineke , Jay McTighe.-- _aUsing understanding by design in the culturally and linguistically diverse classroom / |
||
| 260 |
_aVirginia : _bASCD _c2018 |
||
| 300 | _axiii, 285 pages. | ||
| 500 | _aIncludes bibliographic references and index. | ||
| 650 | _aCurriculum-based assessment. | ||
| 650 | _aMulticultural education. | ||
| 999 |
_c362041 _d362041 |
||